| 000 | 00727nas a2200205 a 4500 | ||
|---|---|---|---|
| 001 | 000038091 | ||
| 003 | DLC | ||
| 005 | 20201002031155.0 | ||
| 008 | 130313c19349999dr wu1ndd 0 0spa d | ||
| 040 |
_aDO-SdBNP _bspa _cBNPHU |
||
| 043 | _anwdr | ||
| 245 | 0 | 0 |
_aAnalectas : _bperiódico ecléctico de difusión cultural. |
| 260 |
_aSanto Domingo : _bClub Masónico Cuna de América. _bImprenta J. R. Vda. García. |
||
| 300 |
_av.- ; _c34 cm. |
||
| 310 | _aSemanal | ||
| 362 | 1 | _aInicia con: Vol. 4: No. 1( 1 de abril de 1934) | |
| 500 | _aCatalogación basada en el Vol. 4: No. 1(1 de abril de 1934) | ||
| 651 | 4 |
_aRepública Dominicana _vPERIÓDICOS _964479 |
|
| 651 | 4 |
_aRepública Dominicana _vPUBLICACIONES PERIÓDICAS _925092 |
|
| 999 |
_c37581 _d37581 |
||